Fr. Conceicao Rodrigues College of Engineering

Home System & Applications (Record no. 28316)

MARC details
000 -LEADER
fixed length control field 00318nam a2200145Ia 4500
082 ## - DEWEY DECIMAL CLASSIFICATION NUMBER
Classification number 644
100 ## - MAIN ENTRY--PERSONAL NAME
Personal name Adam .J.T
245 ## - TITLE STATEMENT
Title Home System & Applications
260 ## - PUBLICATION, DISTRIBUTION, ETC.
Name of publisher, distributor, etc. Arco Pub.
Place of publication, distribution, etc. New York
Date of publication, distribution, etc. 1981
300 ## - PHYSICAL DESCRIPTION
Extent 1207
546 ## - LANGUAGE NOTE
Language note ENGLISH
650 ## - SUBJECT ADDED ENTRY--TOPICAL TERM
Topical term or geographic name entry element Electrical Engineering
654 ## - SUBJECT ADDED ENTRY--FACETED TOPICAL TERMS
Focus term Home System
942 ## - ADDED ENTRY ELEMENTS (KOHA)
Koha item type Reference Book
Holdings
Withdrawn status Lost status Damaged status Not for loan Collection Home library Current library Shelving location Date acquired Source of acquisition Cost, normal purchase price Inventory number Total Checkouts Full call number Barcode Date last seen Cost, replacement price Price effective from Koha item type
        AFT Fr. Agnel's C.Rodrigues College of Engineering Fr. Agnel's C.Rodrigues College of Engineering   17/03/2023 UBS 170.95 T-501   644 AFT4763 17/03/2023 170.95 17/03/2023 Reference Book